| 000 | 00586nam a2200217Ia 4500 | ||
|---|---|---|---|
| 003 | OSt | ||
| 005 | 20220928144324.0 | ||
| 006 | a|||||r|||| 00| 0 | ||
| 007 | ta | ||
| 008 | 220927b |||||||| |||| 00| 0 eng d | ||
| 024 | _a65037 | ||
| 037 | _cTextual | ||
| 040 |
_aSDCL _cSDCL _beng |
||
| 041 |
_2eng _aeng |
||
| 082 | _aXM8,65.2'N9, N9 | ||
| 100 |
_aBabu T K Suresh _9507601 |
||
| 245 | 0 | _aCapital structure practices of private corporate sector in India. | |
| 260 | _c1999 | ||
| 942 |
_hXM8,65.2'N9, N9 _cTEXL _2CC |
||
| 999 |
_c827024 _d827024 |
||